| 000 | 00631nam a2200193 a 4500 | ||
|---|---|---|---|
| 001 | 4707 | ||
| 003 | CDMR | ||
| 005 | 20130419120002.0 | ||
| 008 | 130130s1994||||||||||||||||||||||||||||d | ||
| 020 | _a9788499000596 | ||
| 040 |
_aCDMR _bcat _cCPC GIRONA |
||
| 100 | 1 |
_93227 _aMadueño, Pedro |
|
| 245 | 1 | 0 |
_aPedro Madueño _b: retrats periodístics : 1977-2012 |
| 260 |
_aBarcelona _bFundació "la Caixa" _cDL 2012 |
||
| 300 |
_a72 p. _bil. |
||
| 500 | _aCatàleg de l'exposició Pedro Madueño. Retrats periodístics, 1977-2012, organitzada per l'Obra Social "la Caixa" | ||
| 650 | 0 | 1 |
_93145 _aFotografia _xExposicions |
| 942 |
_cMON _2udc |
||
| 999 |
_c4707 _d4707 |
||